| 000 | 00360nam a2200145Ia 4500 | ||
|---|---|---|---|
| 008 | 221007s9999 xx 000 0 und d | ||
| 041 | _aeng | ||
| 082 | _bCHI | ||
| 100 |
_aChitre S (2K41050) _9102118 |
||
| 245 | _aNew Product Launching & Penetration | ||
| 260 |
_c2006 _bPune University _aPune |
||
| 300 | _a49p | ||
| 520 | _aSurya Ramdas | ||
| 906 | _bGeneral | ||
| 999 |
_c69276 _d69276 |
||